000
00222 a2200085 4500
245
0
_a
Semiconductors /
_c
.
250
_a
6 edition.
710
2
_a
Deurne-Antwerp.
_e
Wydawca
_4
pbl
260
_a
Kluwer :
_b
Deurne-Antwerp,
_c
1978.
300
_a
281 s.;
_c
24 cm.
999
_c
11135
_d
11135